Largest Cities in the World by Country - Statistics

General Stats
  • This quiz has been taken 21 times
  • The average score is 125 of 196
Answer Stats
Continent Country Population City % Correct
Asia Azerbaijan 1,291,000 Baku
89%
Europe Germany 3,596,999 Berlin
89%
Asia Afghanistan 4,434,550 Kabul
89%
Europe France 2,133,111 Paris
89%
Asia South Korea 9,586,195 Seoul
89%
Asia Japan 9,733,276 Tokyo
89%
Europe Poland 1,861,599 Warsaw
89%
Europe Netherlands 931,298 Amsterdam
83%
Europe Greece 3,146,164 Athens
83%
Asia Iraq 6,719,476 Baghdad
83%
Asia Thailand 5,666,264 Bangkok
83%
Europe Hungary 1,685,342 Budapest
83%
Europe Denmark 659,350 Copenhagen
83%
Asia Bangladesh 10,295,407 Dhaka
83%
Europe Ireland 1,263,219 Dublin
83%
Asia Turkiye 15,244,936 Istanbul
83%
Asia Indonesia 9,607,787 Jakarta
83%
Asia Israel 966,210 Jerusalem
83%
Asia Nepal 862,400 Kathmandu
83%
Africa Nigeria 5,195,247 Lagos
83%
South America Peru 10,004,141 Lima
83%
Europe Portugal 545,796 Lisbon
83%
Asia Bahrain 143,035 Manama
83%
Europe Belarus 1,995,471 Minsk
83%
Europe Russia 13,010,112 Moscow
83%
Asia India 18,394,912 Mumbai
83%
Asia Taiwan 4,365,947 New Taipei City
83%
Europe Norway 717,710 Oslo
83%
Europe Czech Republic 1,301,432 Prague
83%
Asia North Korea 2,521,785 Pyongyang
83%
Europe Iceland 239,733 Reykjavik
83%
Europe Italy 2,754,719 Rome
83%
Asia Yemen 1,707,531 Sana'a
83%
Europe Liechtenstein 6,027 Schaan
83%
Europe Bulgaria 1,196,806 Sofia
83%
Europe Sweden 988,943 Stockholm
83%
Asia Iran 8,693,706 Tehran
83%
Asia Mongolia 1,466,431 Ulaanbaatar
83%
Europe Austria 2,005,760 Vienna
83%
Africa Ethiopia 3,860,000 Addis Ababa
78%
Africa Algeria 2,364,230 Algiers
78%
Asia Jordan 1,812,059 Amman
78%
Asia Lebanon 1,650,000 Beirut
78%
Europe Serbia 1,197,714 Belgrade
78%
South America Colombia 7,876,000 Bogota
78%
South America Argentina 3,121,707 Buenos Aires
78%
Africa Egypt 9,801,536 Cairo
78%
Asia Qatar 872,048 Doha
78%
Asia United Arab Emirates 3,291,166 Dubai
78%
Europe Finland 674,500 Helsinki
78%
Asia Vietnam 7,004,921 Ho Chi Minh City
78%
Europe Ukraine 2,952,301 Kiev
78%
Asia Malaysia 1,588,750 Kuala Lumpur
78%
Europe United Kingdom 8,776,535 London
78%
Europe Luxembourg 134,697 Luxembourg
78%
Europe Spain 3,422,416 Madrid
78%
Africa Kenya 4,397,073 Nairobi
78%
Asia Cambodia 2,189,460 Phnom Penh
78%
Europe Latvia 620,974 Riga
78%
Asia Saudi Arabia 6,924,566 Riyadh
78%
South America Brazil 12,284,940 Sao Paulo
78%
Asia Singapore 6,036,860 Singapore
78%
Europe Estonia 437,817 Tallinn
78%
Africa Tunisia 599,368 Tunis
78%
Europe Lithuania 592,156 Vilnius
78%
Asia Armenia 1,086,677 Yerevan
78%
Europe Andorra 20,719 Andorra la Vella
72%
Oceania New Zealand 1,695,200 Auckland
72%
Asia Brunei 266,682 Bandar Seri Begawan
72%
Europe Slovakia 478,040 Bratislava
72%
Europe Romania 1,716,961 Bucharest
72%
Europe Moldova 532,513 Chisinau
72%
Asia Sri Lanka 561,314 Colombo
72%
Africa Senegal 3,186,088 Dakar
72%
Africa Tanzania 5,383,728 Dar es Salaam
72%
Asia East Timor 324,738 Dilli
72%
Africa Djibouti 776,966 Djibouti
72%
North America Guatemala 923,392 Guatemala City
72%
North America Cuba 2,137,847 Havana
72%
Africa South Africa 4,803,262 Johannesburg
72%
Africa South Sudan 230,195 Juba
72%
Africa Uganda 1,680,600 Kampala
72%
Asia Pakistan 18,868,021 Karachi
72%
Africa Rwanda 859,332 Kigali
72%
Africa Democratic Republicof the Congo 7,273,947 Kinshasa
72%
Africa Angola 2,831,280 Luanda
72%
Asia Maldives 137,238 Male
72%
North America Mexico 8,843,706 Mexico City
72%
North America Bahamas 296,522 Nassau
72%
North America United States 8,258,035 New York City
72%
Africa Niger 978,029 Niamey
72%
North America Haiti 875,978 Port-Au-Prince
72%
North America El Salvador 316,090 San Salvador
72%
North America Dominican Republic 2,752,784 Santo Domingo
72%
Africa São Tomé andPríncipe 66,888 São Tomé
72%
Europe Bosnia and Herzegovina 348,363 Sarajevo
72%
Asia Uzbekistan 2,956,384 Tashkent
72%
Asia Bhutan 114,551 Thimphu
72%
Europe Albania 418,495 Tirana
72%
North America Canada 3,110,984 Toronto
72%
Europe Vatican City 453 Vatican City
72%
Asia Laos 620,157 Vientiane
72%
Africa Namibia 486,186 Windhoek
72%
Europe Croatia 663,592 Zagreb
72%
Europe Switzerland 433,989 Zurich
72%
Africa Ghana 2,070,463 Accra
67%
Asia Syria 2,132,100 Aleppo
67%
Africa Madagascar 1,274,225 Antananarivo
67%
South America Paraguay 462,241 Asuncion
67%
Africa Central AfricanRepublic 812,407 Bangui
67%
North America Belize 65,222 Belize
67%
Asia Kyrgyzstan 1,103,562 Bishkek
67%
Africa Guinea-Bissau 387,909 Bissau
67%
Africa Republic of the Congo 2,138,236 Brazzaville
67%
Africa Morocco 3,218,036 Casablanca
67%
Asia Tajikistan 1,201,800 Dushanbe
67%
Africa Botswana 246,325 Gaborone
67%
South America Guyana 118,369 Georgetown
67%
Africa Zimbabwe 1,491,754 Harare
67%
North America Jamaica 584,627 Kingston
67%
North America Saint Vincent and theGrenadines 12,909 Kingstown
67%
Europe Slovenia 284,293 Ljubljana
67%
Africa Zambia 2,212,301 Lusaka
67%
Africa Mozambique 1,080,277 Maputo
67%
Africa Liberia 1,021,762 Monrovia
67%
South America Uruguay 1,287,452 Montevideo
67%
Africa Chad 951,418 N'Djamena
67%
Africa Mauritania 1,446,761 Nouakchott
67%
North America Panama 1,132,969 Panama City
67%
South America Suriname 240,924 Paramaribo
67%
Europe Montenegro 173,024 Podgorica
67%
Europe Kosovo 145,149 Pristina
67%
North America Costa Rica 1,453,500 San Jose
67%
Europe North Macedonia 422,540 Skopje
67%
North America Grenada 39,894 St. George
67%
Africa Libya 1,063,571 Tripoli
67%
Asia Kazakhstan 2,161,797 Almaty
61%
Asia Turkmenistan 1,030,063 Ashgabat
61%
Africa Eritrea 896,000 Asmara
61%
Africa Mali 4,227,569 Bamako
61%
Africa Sierra Leone 609,174 Freetown
61%
South America Ecuador 2,650,288 Guayaquil
61%
North America Nicaragua 1,055,111 Managua
61%
Africa Somalia 1,650,227 Mogadishu
61%
Africa Burkina Faso 2,415,266 Ouagadougou
61%
Africa Mauritius 140,403 Port Louis
61%
North America Honduras 1,132,000 Tegucigalpa
61%
Asia Myanmar(Burma) 4,728,524 Yangon
61%
Africa Ivory Coast 4,395,243 Abidjan
56%
Europe Belgium 544,759 Antwerp
56%
Oceania Samoa 35,974 Apia
56%
Africa Malawi 989,318 Lilongwe
56%
Africa Togo 2,188,376 Lomé
56%
Oceania Papua New Guinea 364,125 Port Moresby
56%
North America Antigua and Barbuda 51,737 St. John
56%
Africa Seychelles 29,664 Victoria
56%
Oceania Australia 1,323,162 Brisbane
50%
Africa Benin 679,012 Cotonou
50%
Africa Cameroon 1,906,962 Douala
50%
North America Saint Kitts and Nevis 11,400 Basseterre
44%
Africa Burundi 497,166 Bujumbura
44%
Africa Gabon 703,940 Libreville
44%
South America Venezuela 2,262,600 Maracaibo
44%
Africa Lesotho 343,541 Maseru
44%
Africa Eswatini 60,691 Mbabane
44%
Europe Monaco 17,372 Monte Carlo
44%
Africa Comoros 74,747 Moroni
44%
Africa Cape Verde 137,868 Praia
44%
Asia Georgia 1,154,314 Tbilisi
44%
North America Saint Lucia 446 Castries
39%
Asia China 32,054,159 Chongqing
39%
Asia Philippines 2,960,048 Quezon City
39%
North America Dominica 14,725 Roseau
39%
Oceania Solomon Islands 130,176 Honiara
33%
South America Bolivia 1,442,396 Santa Cruz
33%
Oceania Tuvalu 1,327 Fakaifou
28%
Europe Malta 38,615 St. Paul's Bay
28%
Asia Cyprus 108,105 Limassol
22%
Oceania Tonga 21,185 Nuku'alofa
22%
Oceania Vanuatu 49,528 Port Vila
22%
Africa Sudan 1,849,659 Omdurman
17%
Oceania Palau 9,564 Koror
11%
Asia Oman 470,878 Seeb
11%
Europe San Marino 11,180 Serravalle
11%
Africa Equatorial Guinea 132,235 Bata
6%
Africa Gambia 81,007 Brikama
6%
South America Trinidad and Tobago 83,516 Chaguanas
6%
Oceania Marshall Islands 8,416 Ebeye
6%
North America Barbados 77,394 St. Michael
6%
Oceania Federated States ofMicronesia 13,856 Weno
6%
Oceania Kiribati 18,429 Betio
0%
Africa Guinea 1,660,973 Conkary
0%
Oceania Nauru 1,874 Denigomodu
0%
Asia Kuwait 957,090 Hawally
0%
Oceania Fiji 160,002 Naitasiri
0%
South America Chile 664,370 Puente Alto
0%
No matching quizzes found
Score Distribution
Percent of People with Each Score
Percentile by Number Answered
Your Score History
You have not taken this quiz